Click The Color Wheel #1 - Statistics

General Stats
  • This quiz has been taken 438 times
    424 since last reset
  • The average score is 25 of 30
Answers on the Map
Answers color-coded by a green-red scale on the quiz's map according to % correct below.
 
Answer Stats
Answer % Correct
____ Flag
A negative aspect of a person
93%
____ whale
Largest known animal
93%
____ Carpet
Rolled out to a person of high status
92%
____ Juice
Popular breakfast beverage
92%
____ Sea
Body of water separating Egypt from the Arabian peninsula
92%
____stone
Famous National Park
92%
Infra____
Type of light on the electromagnetic spectrum
91%
____ Rain
Song album by Prince
91%
Once in a ____ moon
90%
Out of the ____
90%
____house Effect
Contributor to global warming
89%
____ cheese
Cheese with a pungent smell
88%
____ Jay
Bird native to North America
88%
____ Thumb
Skill or talent for growing plants
88%
____ Panda
Mammal species native to Asia
87%
____ River
Also known as the Huang He
86%
____ Bean
Healthy legume
85%
____jacket
Type of wasp
85%
____ is the New Black
Popular Netflix series
84%
A Clockwork ____
1971 film
83%
____ Eggs and Ham
Children's book by Dr. Seuss
81%
____ Herring
A distraction or clue meant to mislead
81%
____ Heart
Medal given to those who were wounded or died in combat
80%
____knife
Largest city in Canada's Northwest Territories
76%
____ Chicken
Popular Chinese-American dish
72%
____ Crush
Popular soda brand
72%
Annoying ____
Popular YouTube series with an annoying main character
62%
____bonnet
The state flower of Texas
58%
Harold and the ____ Crayon
Children's book made into a film
55%
____ Yam
Also known as ube
50%
No matching quizzes found
Score Distribution
Percent of People with Each Score
Percentile by Number Answered
Your Score History
You have not taken this quiz since the last reset